Química. La naturaleza molecular del cambio y la materia
| Main Author: | |
|---|---|
| Format: | Section = Libro |
| Language: | Undetermined Spanish |
| Published: |
México
McGraw-Hill
2002
|
| Subjects: |
| LEADER | 00745nam a2200277Ia 4500 | ||
|---|---|---|---|
| 008 | 240830s9999 xx 000 0 und d | ||
| 020 | |a 970-10-3528-3 | ||
| 040 | |a B-ESTELÍ- RUACS / 540 S582 | ||
| 041 | |a spa | ||
| 082 | |a 540 S582 | ||
| 100 | 1 | |a Silberberg, Martin S | |
| 245 | 1 | 0 | |a Química. La naturaleza molecular del cambio y la materia |
| 260 | |a México |b McGraw-Hill |c 2002 | ||
| 300 | |a 1105 p. : il | ||
| 650 | 7 | |a QUÍMICA | |
| 650 | 7 | |b ESTEQUIOMETRIA | |
| 650 | 7 | |c REACCIONES QUÍMICA | |
| 650 | 7 | |d TERMOQUÍMICA | |
| 650 | 7 | |e COMPUESTOS ORGÁNICOS | |
| 650 | 7 | |f CINÉTICA | |
| 650 | 7 | |g EQUILIBRIO | |
| 650 | 7 | |h TERMODINÁMICA | |
| 650 | 7 | |i ELECTROQUÍMICA. | |
| 942 | |c BK |2 ddc | ||
| 991 | |a TEXTO | ||
| 999 | |c 11055 | ||